| 000 | 00466nam a2200181Ia 4500 | ||
|---|---|---|---|
| 008 | 220531s9999 xx 000 0 und d | ||
| 041 | _aeng | ||
| 082 | _bSEC / SHA | ||
| 100 |
_aSharma, R. _978868 |
||
| 245 | _aSecret Letters of The Monk Who Sold His Ferrari | ||
| 250 | _a1ST | ||
| 260 |
_aAhamedabad _bJaico Publication House _c2016 |
||
| 300 | _a117 | ||
| 542 | _d09-02-2016 | ||
| 650 |
_aGenral _978869 |
||
| 906 |
_d2015-2016 _f8646 |
||
| 999 |
_c43677 _d43677 |
||